アイマス ミリオンアイドル - Statistics

General Stats
  • This quiz has been taken 180 times
  • The average score is 40 of 52
Answer Stats
声優 アイドル MILLION THEATER SEASON % Correct
今井麻美 如月千早 紙・心・ペン・心
90%
中村繪里子 天海春香 CHEER UP! HEARTS UP!
89%
仁後真耶子 高槻やよい LOVE is GAME
88%
浅倉杏美 萩原雪歩 真夏のダイヤ☆
85%
下田麻美 双海亜美 スペードのQ
85%
下田麻美 双海真美 真夏のダイヤ☆
85%
諏訪彩花 徳川まつり DIAMOND JOKER
85%
長谷川明子 星井美希 Criminally Dinner ~正餐とイーヴルナイフ~
83%
伊藤美来 七尾百合子 LOVE is GAME
83%
釘宮理恵 水瀬伊織 シークレットジュエル〜魅惑の金剛石〜
82%
中村温姫 ロコ 産声とクラブ
82%
郁原ゆう エミリー スチュアート スペードのQ
82%
沼倉愛美 我那覇響 KING of SPADE
81%
田所あずさ 最上静香 Criminally Dinner ~正餐とイーヴルナイフ~
81%
種田梨沙 田中琴葉 真夏のダイヤ☆
81%
愛美 ジュリア CHEER UP! HEARTS UP!
81%
平田宏美 菊地真 トレフル・ド・ノエル
80%
たかはし智秋 三浦あずさ 産声とクラブ
80%
Machico 伊吹翼 DIAMOND JOKER
80%
小岩井ことり 天空橋朋花 LOVE is GAME
79%
渡部恵子 周防桃子 シークレットジュエル〜魅惑の金剛石〜
79%
山崎はるか 春日未来 シークレットジュエル〜魅惑の金剛石〜
78%
原由実 四条貴音 DIAMOND JOKER
77%
若林直美 秋月律子 Clover's Cry~神と神降ろしの少女~
76%
麻倉もも 箱崎星梨花 産声とクラブ
76%
夏川椎菜 望月杏奈 CHEER UP! HEARTS UP!
76%
原嶋あかり 中谷育 Criminally Dinner ~正餐とイーヴルナイフ~
75%
雨宮天 北沢志保 スペードのQ
75%
髙橋ミナミ 馬場このみ Clover's Cry~神と神降ろしの少女~
75%
阿部里果 真壁瑞希 トレフル・ド・ノエル
75%
南早紀 白石紬 KING of SPADE
75%
木戸衣吹 矢吹可奈 CHEER UP! HEARTS UP!
74%
角元明日香 島原エレナ トレフル・ド・ノエル
73%
香里有佐 桜守歌織 シークレットジュエル〜魅惑の金剛石〜
73%
大関英里 佐竹美奈子 LOVE is GAME
72%
藤井ゆきよ 所恵美 DIAMOND JOKER
72%
斉藤佑圭 永吉昴 スペードのQ
72%
村川梨衣 松田亜利沙 紙・心・ペン・心
71%
上田麗奈 高坂海美 産声とクラブ
71%
戸田めぐみ 舞浜歩 Criminally Dinner ~正餐とイーヴルナイフ~
71%
稲川英里 大神環 Clover's Cry~神と神降ろしの少女~
71%
小笠原早紀 野々原茜 KING of SPADE
69%
野村香菜子 二階堂千鶴 トレフル・ド・ノエル
69%
末柄里恵 豊川風花 KING of SPADE
69%
平山笑美 北上麗花 紙・心・ペン・心
69%
渡部優衣 横山奈緒 Clover's Cry~神と神降ろしの少女~
68%
桐谷蝶々 宮尾美也 シークレットジュエル〜魅惑の金剛石〜
68%
駒形友梨 高山紗代子 紙・心・ペン・心
67%
田村奈央 木下ひなた Clover's Cry~神と神降ろしの少女~
65%
近藤唯 篠宮可憐 Criminally Dinner ~正餐とイーヴルナイフ~
65%
浜崎奈々 福田のり子 紙・心・ペン・心
63%
山口立花子 百瀬莉緒 真夏のダイヤ☆
63%
No matching quizzes found
Score Distribution
Percent of People with Each Score
Percentile by Number Answered
Your Score History
You have not taken this quiz